000
00301 a2200109 4500
090
_c
4398
_d
4398
100
_a
Susan L. Brock
245
_a
Better Business Writing
_b
Techniques for Improing Correspondence
250
_a
3rd ed
260
_a
Viva Books
_b
New Delhi
_c
2004
942
_a
NBS
_c
BK
_k
808.06665 BRO
999
_c
346843
_d
346843